| 000 | 00347 a2200145 4500 | ||
|---|---|---|---|
| 001 | 48363 | ||
| 040 | _cAnchieta - Bela Vista | ||
| 100 | _aBUENO, Maria Célia | ||
| 240 | 1 | 0 |
_aMarcela, Pedrita mãe aflita _lpor |
| 245 | 1 | 0 | _aMarcela, Pedrita mãe aflita |
| 300 | _a16 p. | ||
| 362 | 0 | _a1995 | |
| 650 | 4 | _aLiteratura infanto-juvenil | |
| 942 | _cBK | ||
| 999 |
_c48363 _d48363 |
||